000 00299nam a22001337a 4500
008 181126b xxu||||| |||| 00| 0 eng d
020 _a0070425817
041 _aeng
080 _a610.073
100 _a2
101 _aINF
245 _aConcepts Basic To Nursing
_cMitchel.P.H
942 _2udc
_cBK
999 _c52473
_d52473